000
00298nam a2200109Ia 4500
008
220204s9999 xx 000 0 und d
082
_a
631.8.022.3
_b
RAN
100
_a
Ranney, M William
245
0
_a
Fertilizer additives and soil conditioners
260
_a
New Jersey
_b
Noyes Data
_c
1978
942
_c
BK
999
_c
30873
_d
30873